Las rutas de Pascual /

En este libro se incluyen fotografías de Jorge Lépez Vela y un cuento de Gabriel Wolfson. Las imágenes recorren las rutas de los camiones repartidores de refrescos de la Cooperativa de Trabajadores de Pascual (Boing), en las zonas conurbadas del norte de la Ciudad de México, y el cuento recrea esas...

Full beskrivning

Sparad:
Bibliografiska uppgifter
Huvudupphov: Lépez Vela, Jorge (fotógrafo)
Övriga upphov: Wolfson, Gabriel (texto) (texto)
Materialtyp: Bok
Språk:spanska
Utgiven: México : CONACULTA, 2003, C2003
Ämnen:
Taggar: Lägg till en tagg
Inga taggar, Lägg till första taggen!

MARC

LEADER 00000nam^a2200000^a^4500
001 000448732
005 20250526000000.0
009 20260526145335.709
020 |a 968-5422-55-9 
037 |a Acervo ITESO - Biblioteca 
041 |a GRA 
041 |a ESP 
082 |a 770. 972  |b LEP WOL 
100 |a Lépez Vela, Jorge  |e (fotógrafo) 
245 1 4 |a Las rutas de Pascual /  |c Fotógrafo J. Lépez Vela ; texto de G. Wolfson. 
264 4 |a México :  |b CONACULTA,  |c 2003, C2003 
300 |a [36 p.] ;  |c 22.0 cm. 
336 |a texto  |b txt  |2 rdacontenido 
337 |a sin mediación  |b n  |2 rdamedio 
338 |a volumen  |b nc  |2 rdasoporte 
520 |a En este libro se incluyen fotografías de Jorge Lépez Vela y un cuento de Gabriel Wolfson. Las imágenes recorren las rutas de los camiones repartidores de refrescos de la Cooperativa de Trabajadores de Pascual (Boing), en las zonas conurbadas del norte de la Ciudad de México, y el cuento recrea esas rutas por las tiendas, escuelas, bodegas y calles, que los productos recorren para encontrarse con sus consumidores. Las obras, fotográfica y literaria, dialogan y se enriquecen para complementarse mutuamente. 
545 |a Gabriel Wolfson (Puebla, 1976) estudió literatura tanto en su ciudad natal, como en Salamanca, España. Ha publicado en diversas revistas y suplementos y ha sido antologado en obras como Nuevas voces de la narrativa mexicana (Joaquín Mortiz, 2003) y Los mejores cuentos mexicanos (Joaquín Mortiz, 2001-2002). Entre sus títulos están: El pozo de los deseos (1997); Muerte sin fin: el duro deseo de durar (2001); Las rutas de Pascual (en colaboración con el fotógrafo Jorge Lépez Vela); y Ballenas (2004). Con este ultimo libro obtuvo el Premio Nacional de Cuento Joven Julio Torri 2003. 
546 |a Edición gráfica con texto en español 
649 |a XX 
650 |a Fotógrafos Mexicanos 
650 |a Artistas Mexicanos 
650 |a Escritores Mexicanos 
650 |a Fotografía Callejera -  |z México (Ciudad) 
650 |a Espacio Urbano -  |z México (Ciudad) -  |x Fotografías -  |x Tema Principal 
650 |a Vida Cotidiana -  |z México (Ciudad) -  |x Fotografías 
650 |a Fotografía en Blanco y Negro -  |z México 
650 |a Fotografía Mexicana -  |y Siglo XXI 
650 |a Arte Mexicano -  |y Siglo XXI 
650 |a Cuentos Mexicanos 
650 |a Literatura Mexicana -  |y Siglo XXI 
650 |a Lépez Vela, Jorge -  |x Tema Principal 
700 |a Wolfson, Gabriel  |e (texto) 
740 0 |a Clown /  |c G. Wolfson. 
910 |a Fondo Pedro Valtierra 
920 |a Impresos - Libros 
930 |a Libros Antiguos y Raros 
905 |a 129 
901 |a 0500365664  |b IT2  |c LRA  |i D  |u 20250526 
902 |a https://opac.biblio.iteso.mx/vufind/Record/000448732